Statistics for Movie Trivia Multi Choice

Click here to take the quiz!

General Stats

  • This quiz has been taken 45 times
  • The average score is 10 of 15

Answer Stats

QuestionAnswer% Correct
Who played Black Panther?Chadwick Boseman
95%
Jack and Rose had a never-ending relationship. So who died as a result of the infamous sinking?Jack
93%
What took place after Thanos infamously snapped his fingers?Half of the world's population disappeared
83%
Who directed 'Avatar?'James Cameron
83%
Who was the main antagonist in the 1st Avengers film?Loki
83%
Who created Ultron?Tony Stark
83%
Name the droid that Rey found and became her sidekick in Star Wars: The Force Awakens?BB-8
73%
How long was the Genie stuck in the lamp for in 'Aladdin?'10,000 years
68%
In 'The Lion King', how did Mufasa die?Squashed by a stampede of wildebeest
68%
'Toy Story 4' saw the reintroduction of what character?Bo Peep
60%
In the climatic showdown of Jurassic World, what did the Mosasaurus consume?Indominus Rex
58%
It was amazing to see all the Avengers return through the portal in Avengers: Endgame. But who depleted Thanos' army?Tony Stark
53%
Many fans realise that there are many easter eggs to Pixar's 1st release, 'Toy Story.' But which easter egg is true that was hidden in the film?A113 is located on Andy's Mum's minivan
43%
What sea creature killed Nemo and Marlin's family in 'Finding Nemo?'Barracuda
38%
Who was Deckard Shaw's 1st victim in Furious 7?Han
33%

Score Distribution

Percentile by Number Answered

Percent of People with Each Score

Your Score History

You have not taken this quiz